Statistics for All Fortnite Weapons Chapter 1 Season 4

Click here to take the quiz!

General Stats

  • This quiz has been taken 20 times
  • The average score is 51 of 77

Answer Stats

Weapon TypeRarityAnswer% Correct
RifleCommonAssault Rifle
94%
RifleRareAssault Rifle
94%
RifleUncommonAssault Rifle
94%
PistolRarePistol
94%
PistolUncommonPistol
94%
PistolCommonPistol
94%
ShotgunUncommonPump
94%
ShotgunRarePump
94%
RifleEpicScar
94%
RifleLegendaryScar
94%
ShotgunRareTactical
94%
ShotgunUncommonTactical
94%
ShotgunCommonTactical
94%
RifleRareBurst AR
88%
RifleCommonBurst AR
88%
RifleUncommonBurst AR
88%
RifleEpicFamas
88%
RifleLegendaryFamas
88%
ShotgunLegendaryHeavy
88%
ShotgunEpicHeavy
88%
ExplosivesCommonGrenades
81%
PistolEpicHand Cannon
81%
PistolLegendaryHand Cannon
81%
ConsumableCommonMedkit
81%
RifleRareScoped AR
81%
RifleEpicScoped AR
81%
ConsumableCommonShield Potion
81%
ConsumableUncommonSmall Shield Potion
81%
ConsumableLegendaryChug Jug
75%
SniperUncommonHunting Rifle
75%
SniperRareHunting Rifle
75%
ExplosivesLegendaryRocket Launcher
75%
ExplosivesRareRocket Launcher
75%
ExplosivesEpicRocket Launcher
75%
ConsumableEpicSlurp Juice
75%
ConsumableCommonBandage
69%
SniperLegendaryBolt-Action Sniper
69%
SniperEpicBolt-Action Sniper
69%
SniperRareBolt-Action Sniper
69%
ExplosivesEpicGrenade Launcher
69%
ExplosivesLegendaryGrenade Launcher
69%
ExplosivesRareGrenade Launcher
69%
TrapEpicLaunch Pad
63%
SniperLegendarySemi-Automatic
63%
SniperEpicSemi-Automatic
63%
SMGCommonSuppressed SMG
63%
SMGUncommonSuppressed SMG
63%
SMGRareSuppressed SMG
63%
SMGRareTactical SMG
63%
SMGUncommonTactical SMG
63%
SMGEpicTactical SMG
63%
TrapRareBouncer
56%
TrapUncommonDamage Trap
56%
RifleEpicMinigun
56%
RifleLegendaryMinigun
56%
PistolCommonRevolver
56%
PistolUncommonRevolver
56%
PistolRareRevolver
56%
ExplosivesUncommonClinger
50%
TrapRareCozy Campfire
50%
UtilityLegendaryBush
44%
PistolEpicDual Pistols
44%
PistolLegendaryDual Pistols
44%
ExplosivesRareRemote Explosive
44%
PistolEpicSuppressed Pistol
44%
PistolLegendarySuppressed Pistol
44%
UtilityRareImpulse Grenade
38%
UtilityUncommonBoogie Bomb
31%
RifleUncommonDrum Gun
31%
RifleRareDrum Gun
31%
UtilityEpicPort a Fort
31%
RifleLegendaryThermal Scoped AR
31%
RifleEpicThermal Scoped AR
31%
UtilityLegendaryJetpack
25%
RifleRareLight Machine Gun
25%
RifleEpicLight Machine Gun
25%
UtilityEpicStink Bomb
19%

Score Distribution

Percentile by Number Answered

Percent of People with Each Score

Your Score History

You have not taken this quiz